Longest Passenger Rail Services - Statistics

General Stats
  • This quiz has been taken 31 times
  • The average score is 45 of 100
Answer Stats
Route Answer % Correct
China Railway: K3 / K4 (7,826km) | China Railway: Z22/1 (3,757km) | Russian Railways: 19 / 20 (8,984km) Beijing
100%
China Railway: K3 / K4 (7,826km) | Korean State Railway: 99 / 100 (10,267km) | Kyrgyzstan Railways: 017 / 018 (3,720km) | +5 others Moscow
100%
China Railway: Z164/3 (4,373km) | China Railway: T206/3-T204/5 (4,742km) | China Railway: Z40/41-Z42/39 (4,056km) Shanghai
96%
Amtrak: Texas Eagle 21 / 22 (4,390km) | Amtrak: Southwest Chief 3 / 4 (3,645km) Los Angeles
89%
Russian Railways: 1 / 2, 99 / 100 (9,289km) Vladivostok
89%
Amtrak: Texas Eagle 21 / 22 (4,390km) | Amtrak: California Zephyr 5 / 6 (3,924km) | Amtrak: Empire Builder 27 / 28 (3,629km) | Amtrak: Southwest Chief 3 / 4 (3,645km) Chicago
78%
China Railway: Z136/7-Z138/5 (4,663km) | China Railway: Z238/5-Z236/7 (3,568km) | China Railway: Z264/5-Z266/3 (4,980km) Guangzhou
78%
Korean State Railway: 99 / 100 (10,267km) Pyongyang
70%
Via Rail: The Canadian 1 / 2 (4,466km) Toronto
70%
China Railway: K169/70 (3,796km) Xi'an
67%
China Railway: Z164/3 (4,373km) | China Railway: Z22/1 (3,757km) | China Railway: Z264/5-Z266/3 (4,980km) Lhasa
63%
Kyrgyzstan Railways: 017 / 018 (3,720km) Bishkek
59%
Tajikistan Railways: 319 / 320 and 329 / 330 (4,272km) Dushanbe
59%
China Railway: K1354/3 (3,699km) | China Railway: Z230/1-Z232/29 (4,666km) | China Railway: K1082/3-K1084/1 (4,827km) | +9 others Urumqi
59%
Via Rail: The Canadian 1 / 2 (4,466km) Vancouver
59%
Indian Railways: Express/15901 (3,620km) Bangalore
56%
China Railway: K454/1-K452/3 (3,948km) Chengdu
56%
China Railway: Z230/1-Z232/29 (4,666km) Shenzhen
56%
China Railway: K728/5-K726/7 (4,574km) | China Railway: Z114/3 (4,310km) | China Railway: Z238/5-Z236/7 (3,568km) Harbin
52%
China Railway: K1502/3-K1504/1 (3,815km) | China Railway: K2288/7 (4,037km) | China Railway: K728/5-K726/7 (4,574km) Kunming
44%
Amtrak: Empire Builder 27 / 28 (3,629km) Portland
41%
Indian Railways: Superfast Express/12484 (3,599km) Amritsar
37%
China Railway: K594/5-K596/3 (4,933km) Hangzhou
37%
China Railway: K1540/37-K1538/9 (3,837km) Nanjing
30%
Great Southern Rail: The Indian Pacific (4,352km) Perth
30%
Great Southern Rail: The Indian Pacific (4,352km) Sydney
30%
China Railway: K2288/7 (4,037km) | China Railway: T302/3-T304/1 (4,507km) | China Railway: Z384/5-Z386/3 (4,647km) Changchun
19%
Indian Railways: Vivek Express / 15906 (4,282km) Dibrugarh
19%
China Railway: K1548/5-K1546/7 (3,840km) | China Railway: T308/5-T306/7 (4,334km) Fuzhou
19%
Indian Railways: Express/16787 (3,628km) | Indian Railways: Navyug Express/16687 (3,674km) Jammu
19%
Indian Railways: Himsagar Express/16318 (3,787km) | Indian Railways: Vivek Express / 15906 (4,282km) Kanyakumari
19%
China Railway: K169/70 (3,796km) | China Railway: K454/1-K452/3 (3,948km) | China Railway: K1661 / K1662 (5,166km) Kashgar
19%
China Railway: T282/3-T284/1 (4,617km) Nanning
19%
China Railway: K1338/5-K1336/7 (3,795km) | China Railway: Z105/6 (3,726km) Jinan
15%
Indian Railways: Superfast Express (12507/12508) (3,932km) | Indian Railways: Superfast Express (12515/12516) (3,932km) Thiruvananthapuram Central
15%
Uzbekistan Railways: 149 / 150 (3,738km) Andijan
11%
Amtrak: California Zephyr 5 / 6 (3,924km) Emeryville
11%
Indian Railways: Himsagar Express/16318 (3,787km) Katra
7%
China Railway: K1082/3-K1084/1 (4,827km) Qiqihar
7%
China Railway: Z384/5-Z386/3 (4,647km) Sanya
7%
Indian Railways: Superfast Express (12507/12508) (3,932km) | Indian Railways: Superfast Express (12515/12516) (3,932km) Silchar
7%
Russian Railways: 309 (4,286km) Adler
4%
China Railway: Z114/3 (4,310km) Haikou
4%
China Railway: Z294/1-Z292/3 (3,574km) Hankou
4%
China Railway: K1548/5-K1546/7 (3,840km) Jiamusi
4%
Indian Railways: Navyug Express/16687 (3,674km) Mangalore
4%
Russian Railways: 309 (4,286km) Vorkuta
4%
China Railway: K594/5-K596/3 (4,933km) Aksu
0%
China Railway: K1354/3 (3,699km) Lianyungang
0%
Indian Railways: Express/15901 (3,620km) New Tinsukia Junction
0%
Indian Railways: Superfast Express/12484 (3,599km) Thiruvananthapuram Kochuveli
0%
Indian Railways: Express/16787 (3,628km) Tirunelveli
0%
Russian Railways: 323 / 76 (7,318km) Tommot
0%
China Railway: K1661 / K1662 (5,166km) Yingtan
0%
China Railway: K1338/5-K1336/7 (3,795km) | China Railway: T206/3-T204/5 (4,742km) Yining
0%
No matching quizzes found
Score Distribution
Percent of People with Each Score
Percentile by Number Answered
Your Score History
You have not taken this quiz